Entrada Término temático
Número de registros utilizados en: 1
001 - NÚMERO DE CONTROL
003 - IDENTIFICADOR DEL NÚMERO DE CONTROL
- campo de control:
DR-UNIBE
005 - FECHA Y HORA DE LA ÚLTIMA TRANSACCIÓN
- campo de control:
20250512152527.0
008 - DATOS DE LONGITUD FIJA
- campo de control de longitud fija:
250512|| aca||aabn | a|a d
040 ## - FUENTE DE LA CATALOGACIÓN
- Centro catalogador/agencia de origen:
DR-UNIBE
- Centro/agencia transcriptor:
DR-UNIBE
650 ## -
- :
Procedimiento penal
- :
América Latina
- :
Códigos
670 ## - FUENTE DE DATOS ENCONTRADOS
- Cita de la fuente:
Work cat.: (DR-UNIBE)113610: Centro para la Administración de Justicia de la Universidad Internacional de la Florida (CAJ-FIU/USAID) 195196 autor, Códigos latinoamericanos de procedimiento civil = Latin American codes of criminal procedure /, [Fecha no identificada]